| 000 -LEADER |
| fixed length control field |
00639cam a2200193 i 4500 |
| 020 ## - INTERNATIONAL STANDARD BOOK NUMBER |
| ISBN |
9789251087619 |
| 040 ## - CATALOGING SOURCE |
| Transcribing agency |
DLC |
| 082 ## - DEWEY DECIMAL CLASSIFICATION NUMBER |
| Classification number |
631 FAO 2015 A042 Or. |
| 245 00 - TITLE STATEMENT |
| Title |
Shifting cultivation, livelihood and food security : |
| Remainder of title |
new and old challenges for indigenous peoples in Asia / |
| 300 ## - PHYSICAL DESCRIPTION |
| Number of Pages |
xiv, 415 pages ; |
| Dimensions |
24 cm |
| 650 #0 - SUBJECT ADDED ENTRY--TOPICAL TERM |
| Topical Term |
Shifting cultivation |
| 650 #0 - SUBJECT ADDED ENTRY--TOPICAL TERM |
| Topical Term |
Food security |
| 650 #0 - SUBJECT ADDED ENTRY--TOPICAL TERM |
| Topical Term |
Indigenous peoples |
| 700 1# - ADDED ENTRY--PERSONAL NAME |
| Personal name |
Erni, Christian, |
| 710 2# - ADDED ENTRY--CORPORATE NAME |
| Corporate name or jurisdiction name as entry element |
FAO Regional Office for Asia and the Pacific, |
| 710 2# - ADDED ENTRY--CORPORATE NAME |
| Corporate name or jurisdiction name as entry element |
International Work Group for Indigenous Affairs, |
| 710 2# - ADDED ENTRY--CORPORATE NAME |
| Corporate name or jurisdiction name as entry element |
Asia Indigenous Peoples Pact, |
| 942 ## - ADDED ENTRY ELEMENTS (KOHA) |
| Koha item type |
ADB |
| 952 ## - LOCATION AND ITEM INFORMATION (KOHA) |
| Withdrawn status [LOCAL, KOHA] |
0 |